|
|
|
|
| LEADER |
01171nam a2200361 a 4500 |
| 001 |
000467582 |
| 003 |
CZ BrMZK |
| 005 |
20080204115956.0 |
| 007 |
ta |
| 008 |
010907s2000 xr f cze d |
| 015 |
|
|
|a cnb000926377
|
| 020 |
|
|
|a 80-7262-040-1
|
| 035 |
|
|
|a (OCoLC)45034332
|
| 040 |
|
|
|a BOA001
|b cze
|
| 072 |
|
7 |
|a 612
|x Fyziologie člověka a srovnávací fyziologie
|2 Konspekt
|9 14
|
| 080 |
|
|
|a 612.661
|2 MRF
|
| 080 |
|
|
|a 612
|2 MRF
|
| 080 |
|
|
|a (048.8)
|2 MRF
|
| 100 |
1 |
|
|a Šnajderová, Marta,
|d 1951-
|7 jn20000402858
|4 aut
|
| 245 |
1 |
0 |
|a Předčasná puberta /
|c Marta Šnajderová, Daniela Zemková
|
| 250 |
|
|
|a 1. vyd.
|
| 260 |
|
|
|a Praha :
|b Galén,
|c c2000
|
| 300 |
|
|
|a 124 s. :
|b il. (některé barev.) ;
|c 23 cm
|
| 490 |
1 |
|
|a Alma mater ;
|v sv. 11
|
| 500 |
|
|
|a Bibliogr.
|
| 650 |
0 |
7 |
|a puberta
|7 ph135004
|2 czenas
|
| 650 |
0 |
7 |
|a fyziologie člověka
|7 ph120451
|2 czenas
|
| 655 |
|
7 |
|a studie
|7 fd133597
|2 czenas
|
| 700 |
1 |
|
|a Zemková, Daniela,
|d 1951-
|7 jn20000402737
|4 aut
|
| 830 |
|
0 |
|a Alma mater
|
| 910 |
|
|
|a BOA001
|b 2-1069.925
|
| 990 |
|
|
|a BK
|
| 996 |
6 |
|
|b 2610110392
|c 2-1069.925
|l MZK
|r Sklad / do 1 hodiny
|n 4
|p p.v.
|w 000467582
|u 000010
|a 1
|e BOA001
|j MZK50
|s P
|